Statistics for Все моря мира

Click here to take the quiz!

General Stats

  • This quiz has been taken 145 times
  • The average score is 36 of 89

Answer Stats

Море% Correct
Красное
94%
Каспийское
93%
Средиземное
87%
Балтийское
85%
Белое
84%
Чёрное
84%
Охотское
84%
Азовское
84%
Карибское
81%
Японское
79%
Желтое
79%
Северное
78%
Лаптевых
78%
Берингово
76%
Карское
71%
Адриатическое
71%
Южно-Китайское
69%
Мертвое
66%
Чукотское
66%
Баренцево
66%
Норвежское
65%
Эгейское
65%
Восточно-Сибирское
65%
Аравийское
60%
Филиппинское
59%
Саргассово
59%
Гренландское
59%
Восточно-Китайское
57%
Мраморное
56%
Коралловое
54%
Фиджи
51%
Яванское
51%
Баффина
51%
Ирландское
49%
Тасманово
47%
Ионическое
47%
Космонавтов
44%
Беллинсгаузена
44%
Тирренское
44%
Бали
43%
Амундсена
43%
Андаманское
43%
Бофорта
43%
Арафурское
40%
Лигурийское
38%
Сулавеси
35%
Кипрское
35%
Банда
35%
Лазарева
35%
Уэдделла
34%
Тиморское
34%
Тувалу
32%
Лабрадорское
32%
Линкольна
32%
Гудзонов залив
32%
Балеарское
32%
Кельтское
32%
Соломоново
31%
Балийское
29%
Сомова
29%
Альборан
28%
Новогвинейское
25%
Лаккадивское
25%
Аки
25%
Содружества
24%
Дейвиса
22%
Скоша
21%
Бисмарка
18%
Молуккское
16%
Моусона
13%
Сулу
13%
Залив Святого Лаврентия
13%
Росса
10%
Рисер-Ларсена
4%
Коро
4%
Дюрвиля
4%
Ванделя
1%
Висаян
1%
Гебридское
1%
Сибуян
1%
Саву
1%
Камотес
1%
Самар
1%
Флорес
0%
Хальмахера
0%
Серам
0%
Ирмингера
0%
Серам
0%
Минданао
0%

Score Distribution

Percentile by Number Answered

Percent of People with Each Score

Your Score History

You have not taken this quiz